000
00346nam a2200157Ia 4500
003
OSt
008
191201s2012 xx 000 0 und d
082
_a
006.33
_b
SHE
100
_a
SHARMA,Pankaj
245
0
_a
Expert Systems
250
_a
2nd
260
_a
New Delhi
_b
S.K.Kataria
_c
2012
300
_a
306
650
_a
B.Tech(ECE)
942
_2
ddc
_c
BK
999
_c
110
_d
110